Missing Word: Edward Norton Movies Quiz Stats

 Plays Quiz Updated Oct 12, 2016

Challenge
Share
Tweet
Embed
Score 0/16 Timer 02:00
2 Plays Today
Hint Missing Word % Correct
Fight __________Club
90.7%
The __________ JobItalian
79.9%
__________ History XAmerican
79.6%
The People Vs. __________ FlyntLarry
79.6%
The Incredible __________Hulk
75.7%
Primal __________Fear
67.8%
__________ the FaithKeeping
50.2%
Kingdom of __________Heaven
49.8%
Hint Missing Word % Correct
Everyone __________ I Love YouSays
45.3%
__________ DragonRed
42%
Death to __________Smoochy
32.4%
25th __________Hour
28.6%
__________ KingdomMoonrise
26.4%
The __________ VeilPainted
23.2%
__________ in the ValleyDown
17.8%
Pride and __________Glory
16.4%

Today's Daily Dose

You're not logged in!

Compare scores with friends on all Sporcle quizzes.
Join for Free
OR
Log In

You Might Also Like...

Show Comments

Extras

Top Quizzes Today


Score Distribution

Your Account Isn't Verified!

In order to create a playlist on Sporcle, you need to verify the email address you used during registration. Go to your Sporcle Settings to finish the process.

Report this User

Report this user for behavior that violates our Community Guidelines.

Details: